Artists Beginning With T - Statistics

General Stats
  • This quiz has been taken 318 times
  • The average score is 10 of 24
Answer Stats
Hint Answer % Correct
Africa Toto
94%
Shake it Off Taylor Swift
88%
What's Love Got to Do with It Tina Turner
65%
Everybody Wants to Rule the World Tears for Fears
62%
Fast Car Tracy Chapman
60%
No Scrubs TLC
59%
Hey, Soul Sister Train
57%
California Love Tupac Shakur
53%
It's Not Unusual Tom Jones
52%
Psycho Killer Talking Heads
47%
Stressed Out Twenty One Pilots
47%
My Girl The Temptations
46%
We're Not Gonna Take It Twisted Sister
43%
The Boys Are Back In Town Thin Lizzy
38%
Happy Together The Turtles
37%
goosebumps Travis Scott
28%
Get It On T. Rex
28%
The Less I Know the Better Tame Impala
25%
The Way I Are Timbaland
22%
Mary Jane’s Last Dance Tom Petty & the Heartbreakers
22%
Dancing in the Moonlight Toploader
22%
I Hate Everything About You Three Days Grace
18%
Patience Take That
17%
What You Know Two Door Cinema Club
8%
No matching quizzes found
Score Distribution
Percent of People with Each Score
Percentile by Number Answered
Your Score History
You have not taken this quiz